| 000 -LEADER |
| fixed length control field |
01103nam a22001937a 4500 |
| 008 - FIXED-LENGTH DATA ELEMENTS--GENERAL INFORMATION |
| fixed length control field |
200617b 2004 ||||| |||| 00| 0 eng d |
| 020 ## - INTERNATIONAL STANDARD BOOK NUMBER |
| International Standard Book Number |
1870077652 |
| 082 ## - DEWEY DECIMAL CLASSIFICATION NUMBER |
| Classification number |
623.89 |
| Item number |
AMN |
| 110 ## - MAIN ENTRY--CORPORATE NAME |
| Corporate name or jurisdiction name as entry element |
Command of the Defense Council |
| 245 ## - TITLE STATEMENT |
| Title |
Astro navigation |
| Remainder of title |
BR 45(2): admiralty manual of the navigation, Vol. 2 |
| 260 ## - PUBLICATION, DISTRIBUTION, ETC. (IMPRINT) |
| Place of publication, distribution, etc |
London |
| Name of publisher, distributor, etc |
The Nautical Institute |
| Date of publication, distribution, etc |
2004 |
| 300 ## - PHYSICAL DESCRIPTION |
| Extent |
vi,: col. ill. |
| 440 ## - SERIES STATEMENT/ADDED ENTRY--TITLE |
| Title |
Admiralty manual of navigation Vol. 2 - astro navigation |
| 504 ## - BIBLIOGRAPHY, ETC. NOTE |
| Bibliography, etc |
The celestial sphere<br/>introduction<br/>Time systems<br/>Practical sights : planning, taking, reducing and plotting<br/>The celestial sphere<br/>definitions, hour angles and the theory of time<br/>Identification of heavenly bodies, astronomical position lines, observed position and sight reduction procedures<br/>Meridian passage and Polaris<br/>The rising and setting of heavenly bodies<br/>Refraction, dip and mirage<br/>Errors in astronomical position lines<br/>Appendix 1. The sky at night<br/>Appendix 2. Extracts from the Nautical Almanac (1997).<br/> |
| 650 ## - SUBJECT ADDED ENTRY--TOPICAL TERM |
| Topical term or geographic name as entry element |
Navigation |
| 650 ## - SUBJECT ADDED ENTRY--TOPICAL TERM |
| Topical term or geographic name as entry element |
Nautical astronomy |
| 650 ## - SUBJECT ADDED ENTRY--TOPICAL TERM |
| Topical term or geographic name as entry element |
Admiralty |
| 942 ## - ADDED ENTRY ELEMENTS (KOHA) |
| Item type |
Reference book |